00335nam a22001217a 4500008004100000082001700041100002500058245003500083260004600118300001500164365001000179650002400189210120b ||||| |||| 00| 0 eng d00a669.9bR3231 aReed-Hall, Robert E.10aPhysical metallurgy principles aPrinceton bD. Van Nostrand Companyc1968 ax,630 p.  d18.00 0aPhysical Metallurgy